LEADER 00924nam0 2200265 450 001 000017822 005 20081029141209.0 100 $a20081020d1972----km-y0itay50------ba 101 0 $aita 102 $aIT 105 $ay-------001yy 200 1 $aIntroduzione alla ricerca operativa$fBasilio Giardina 210 $aMilano$cF. Angeli$d1972 215 $a259 p.$d22 cm 225 2 $aCollana di matematica e statistica applicate ai problemi aziendali 410 0$12001$aCollana di matematica e statistica applicate ai problemi aziendali 500 10$aIntroduzione alla ricerca operativa$934956 610 1 $aRicerca operativa 676 $a001.434$v19$9Programmazione lineare e dinamica 700 1$aGiardina,$bBasilio$03331 801 0$aIT$bUNIPARTHENOPE$c20081020$gRICA$2UNIMARC 912 $a000017822 951 $a001.434/100$b20327$cNAVA1 996 $aIntroduzione alla ricerca operativa$934956 997 $aUNIPARTHENOPE LEADER 01102cam2 22003011 450 001 SOBE00081069 005 20241004091330.0 100 $a20241004d1969 |||||ita|0103 ba 101 $aita 102 $aIT 200 0 $a1$fRené Le Senne 210 $aMilano$cFabbri$d1969 215 $a331 p$d24 cm 225 2 $aFilosofi contemporanei$v13 410 1$1001LAEC00016435$12001 $a*Filosofi contemporanei$v13 461 1$1001E600200062525$12001 $aTrattato di Morale Generale / René Le Senne ; a cura di Gianfranco Morra 700 1$aLe Senne$b, René$3A600200057225$4070$0385599 801 0$aIT$bUNISOB$c20241004$gRICA 850 $aUNISOB 852 $aUNISOB$j100|Coll|10|K$m16744 852 $aUNISOB$j100|Coll|10|K$m33747 912 $aSOBE00081069 940 $aM 102 Monografia moderna SBN 941 $aW 957 $a100|Coll|10|K$b000010$i-1$gSI$d16744$1rovito$2UNISOB$3UNISOB$420241004090948.0$520241004091330.0$6rovito 957 $a100|Coll|10|K$b000010$i-1 b$gSI$d33747$1rovito$2UNISOB$3UNISOB$420241004091024.0$520241004091056.0$6rovito 996 $a1$94297205 997 $aUNISOB